| 000 | 01250cam a2200133 4500500 | ||
|---|---|---|---|
| 005 | 20251214004049.0 | ||
| 041 | _afre | ||
| 042 | _adc | ||
| 100 | 1 | 0 |
_aCaron, Jean-Claude _eauthor |
| 245 | 0 | 0 | _aLa France de 1815 à 1848 |
| 260 |
_bArmand Colin,
_c2013. |
||
| 520 | _aCe manuel aborde l’histoire de la France à l’époque de la monarchie constitutionnelle sous ses aspects politique, social et culturel, ainsi que la politique extérieure, modifiant sensiblement l’approche traditionnelle des années 1815-1848 ; elles sont en effet essentielles et novatrices dans l’histoire politique : mise en place du jeu parlementaire, qualité des débats, importance des questions sociétales soulevées, élaboration d’idéologies.Période essentielle aussi pour l’histoire sociale : « découverte » de la question sociale, revendications ouvrières, lutte pour le droit de grève ou le droit d’association.Période clé, enfin, pour l’histoire culturelle avec le romantisme, le plus fort mouvement littéraire, artistique, scientifique, philosophique que l’Europe et la France aient connu depuis la Renaissance. | ||
| 856 | 4 | 1 | _uhttps://shs.cairn.info/la-france-de-1815-a-1848--9782200285029?lang=fr&redirect-ssocas=7080 |
| 999 |
_c1568181 _d1568181 |
||